Aké sú súčasné vyhliadky ekonomiky Japonska

Rok 1997 v japonskej ekonomike. Schodok v štátnom rozpočte Japonska. Import a export. Prebytok výrobných kapacít. Problémy v bankovom sektore Japonska.

Guardado en:
Detalles Bibliográficos
Autor principal: Oberhauser, Ján Artur
Formato: Libro
Lenguaje:eslovaco
Materias:
Etiquetas: Agregar Etiqueta
Sin Etiquetas, Sea el primero en etiquetar este registro!

MARC

LEADER 00000nam a2200000 4500
001 r030955
005 20230824094431.4
041 0 |a slo 
044 |a SK 
245 1 0 |a Aké sú súčasné vyhliadky ekonomiky Japonska  |c Ján Artur Oberhauser 
520 |a Rok 1997 v japonskej ekonomike. Schodok v štátnom rozpočte Japonska. Import a export. Prebytok výrobných kapacít. Problémy v bankovom sektore Japonska. 
610 2 0 |a situácia hospodárska 
610 2 0 |a vývoj hospodársky 
610 2 0 |a produkt domáci hrubý 
610 2 0 |a nezamestnanosť 
610 2 0 |a obchod zahraničný 
610 2 0 |a bilancia platobná 
610 2 0 |a rozpočet štátny 
610 2 0 |a saldo 
610 2 0 |a vývoz 
610 2 0 |a dovoz 
610 2 0 |a Japonsko 
100 1 |a Oberhauser, Ján Artur